000 00735nam a2200289Ia 4500
005 20260324134131.0
008 008 260324s9999 xx 000 0 eng d
020 _a9781315220253
037 _aEBOOK
040 _aCRL
040 _beng
040 _cCRL
041 _2eng
041 _aeng
084 _qCRL
100 _aTianhao Zhang; Sergey Edward Lyshevski; Richard B. Fair; Krishnendu Chakrabarty
_91195699
245 0 _aMicroelectrofluidic Systems
245 0 _bModeling and Simulation
260 _bTaylor and Francis
260 _c2002
365 _a
365 _b465
856 _uhttp://www.taylorfrancis.com/books/9781315220253
942 _cEBOOK
999 _c1795442
_d1795442